[Event "Deutsche Ländermeisterschaft 2023"]
[Site "Hannover GER"]
[Date "2023.10.05"]
[Round "7"]
[White "Unbehend, Marius"]
[Black "Musiolik, David"]
[Result "0-1"]
[Termination "normal"]
[Board "5.3"]
[WhiteElo "1595"]
[BlackElo "2263"]
[WhiteClock "00:04:50"]
[BlackClock "00:17:49"]
[WhiteTeam "Saarland & Friends"]
[BlackTeam "Rheinland-Pfalz"]
[PlyCount "134"]
[WhiteFideId "16214420"]
[BlackFideId "12972355"]
[EventCountry "GER"]
[EventRounds "7"]
[EventType "team-swiss"]
[EventDate "2023.09.30"]

1. e4 {[%clk 01:30:58]} {[%emt 00:00:01]} c6 {[%clk 01:30:24]} {[%emt
00:00:36]} 2. d4 {[%clk 01:31:18]} {[%emt 00:00:10]} d5 {[%clk 01:30:50]}
{[%emt 00:00:04]} 3. exd5 {[%clk 01:31:43]} {[%emt 00:00:06]} cxd5 {[%clk
01:31:14]} {[%emt 00:00:06]} 4. Bd3 {[%clk 01:32:03]} {[%emt 00:00:10]} Nc6
{[%clk 01:31:34]} {[%emt 00:00:09]} 5. c3 {[%clk 01:32:29]} {[%emt 00:00:05]}
Qc7 {[%clk 01:31:59]} {[%emt 00:00:05]} 6. Bg5 {[%clk 01:32:49]} {[%emt
00:00:10]} Nf6 {[%clk 01:20:10]} {[%emt 00:12:19]} 7. h3 {[%clk 01:33:03]}
{[%emt 00:00:17]} g6 {[%clk 01:16:45]} {[%emt 00:03:55]} 8. Nf3 {[%clk
01:30:15]} {[%emt 00:03:18]} Bg7 {[%clk 01:16:24]} {[%emt 00:00:51]} 9. O-O
{[%clk 01:28:44]} {[%emt 00:02:01]} Bf5 {[%clk 01:15:23]} {[%emt 00:01:31]} 10.
Bxf6 {[%clk 01:17:14]} {[%emt 00:12:01]} Bxf6 {[%clk 01:15:35]} {[%emt
00:00:17]} 11. Re1 {[%clk 01:16:27]} {[%emt 00:01:18]} O-O {[%clk 01:11:57]}
{[%emt 00:04:06]} 12. Bxf5 {[%clk 01:11:37]} {[%emt 00:05:21]} gxf5 {[%clk
01:12:20]} {[%emt 00:00:07]} 13. Ne5 {[%clk 01:06:51]} {[%emt 00:05:16]} Nxe5
{[%clk 01:12:11]} {[%emt 00:00:39]} 14. dxe5 {[%clk 01:07:14]} {[%emt
00:00:08]} Bxe5 {[%clk 01:12:29]} {[%emt 00:00:12]} 15. Qxd5 {[%clk 01:07:25]}
{[%emt 00:00:20]} Bh2+ {[%clk 01:12:52]} {[%emt 00:00:07]} 16. Kh1 {[%clk
01:03:34]} {[%emt 00:04:21]} e6 {[%clk 01:13:05]} {[%emt 00:00:16]} 17. Qf3
{[%clk 01:01:23]} {[%emt 00:02:42]} Be5 {[%clk 01:07:53]} {[%emt 00:05:42]} 18.
Nd2 {[%clk 00:58:41]} {[%emt 00:03:12]} Rfd8 {[%clk 01:06:22]} {[%emt
00:02:00]} 19. Rad1 {[%clk 00:56:35]} {[%emt 00:02:37]} Rd5 {[%clk 01:03:29]}
{[%emt 00:03:22]} 20. Nb3 {[%clk 00:55:46]} {[%emt 00:01:20]} Rad8 {[%clk
01:01:47]} {[%emt 00:02:12]} 21. Rxd5 {[%clk 00:51:34]} {[%emt 00:04:43]} Rxd5
{[%clk 01:02:10]} {[%emt 00:00:07]} 22. Rd1 {[%clk 00:51:29]} {[%emt 00:00:35]}
Rxd1+ {[%clk 00:57:12]} {[%emt 00:05:27]} 23. Qxd1 {[%clk 00:51:54]} {[%emt
00:00:05]} h6 {[%clk 00:57:19]} {[%emt 00:00:24]} 24. Qd3 {[%clk 00:48:08]}
{[%emt 00:04:16]} Qc6 {[%clk 00:51:42]} {[%emt 00:06:06]} 25. Kg1 {[%clk
00:44:10]} {[%emt 00:04:28]} Kg7 {[%clk 00:48:15]} {[%emt 00:03:57]} 26. Nd2
{[%clk 00:30:57]} {[%emt 00:13:43]} Qa4 {[%clk 00:47:45]} {[%emt 00:00:59]} 27.
Nf3 {[%clk 00:27:40]} {[%emt 00:03:49]} Bf6 {[%clk 00:47:11]} {[%emt 00:01:04]}
28. a3 {[%clk 00:27:44]} {[%emt 00:00:26]} Qf4 {[%clk 00:46:47]} {[%emt
00:00:52]} 29. Qe2 {[%clk 00:22:18]} {[%emt 00:05:57]} Qc1+ {[%clk 00:45:39]}
{[%emt 00:01:36]} 30. Kh2 {[%clk 00:19:57]} {[%emt 00:02:52]} Qf4+ {[%clk
00:44:16]} {[%emt 00:01:53]} 31. Kg1 {[%clk 00:20:05]} {[%emt 00:00:23]} a6
{[%clk 00:44:20]} {[%emt 00:00:25]} 32. Ne1 {[%clk 00:16:12]} {[%emt 00:04:24]}
Qd6 {[%clk 00:37:45]} {[%emt 00:07:05]} 33. Nd3 {[%clk 00:15:37]} {[%emt
00:01:05]} Qd5 {[%clk 00:36:31]} {[%emt 00:01:42]} 34. Nf4 {[%clk 00:14:19]}
{[%emt 00:01:50]} Qe5 {[%clk 00:34:07]} {[%emt 00:02:54]} 35. Qxe5 {[%clk
00:10:12]} {[%emt 00:04:37]} Bxe5 {[%clk 00:34:25]} {[%emt 00:00:11]} 36. Nd3
{[%clk 00:10:31]} {[%emt 00:00:11]} Bd6 {[%clk 00:34:43]} {[%emt 00:00:11]} 37.
a4 {[%clk 00:08:34]} {[%emt 00:02:28]} e5 {[%clk 00:34:28]} {[%emt 00:00:45]}
38. Kf1 {[%clk 00:07:34]} {[%emt 00:01:30]} Kf6 {[%clk 00:34:10]} {[%emt
00:00:46]} 39. Ke2 {[%clk 00:08:01]} {[%emt 00:00:04]} Ke6 {[%clk 00:32:30]}
{[%emt 00:02:10]} 40. Nc1 {[%clk 00:07:01]} {[%emt 00:01:31]} Kd5 {[%clk
00:31:44]} {[%emt 00:01:15]} 41. b3 {[%clk 00:06:52]} {[%emt 00:00:40]} e4
{[%clk 00:30:15]} {[%emt 00:01:58]} 42. Ke3 {[%clk 00:02:52]} {[%emt 00:04:29]}
f4+ {[%clk 00:19:49]} {[%emt 00:10:58]} 43. Ke2 {[%clk 00:01:31]} {[%emt
00:01:50]} Ba3 {[%clk 00:18:13]} {[%emt 00:02:05]} 44. Na2 {[%clk 00:01:43]}
{[%emt 00:00:18]} h5 {[%clk 00:15:46]} {[%emt 00:02:57]} 45. Kd2 {[%clk
00:29:05]} {[%emt 00:03:08]} f5 {[%clk 00:39:21]} {[%emt 00:06:54]} 46. Ke2
{[%clk 00:29:22]} {[%emt 00:00:14]} Ke5 {[%clk 00:37:58]} {[%emt 00:01:53]} 47.
Kd2 {[%clk 00:25:40]} {[%emt 00:04:12]} Kd5 {[%clk 00:29:21]} {[%emt 00:09:06]}
48. Ke2 {[%clk 00:26:00]} {[%emt 00:00:10]} Kc5 {[%clk 00:26:35]} {[%emt
00:03:17]} 49. Kd2 {[%clk 00:26:04]} {[%emt 00:00:26]} b6 {[%clk 00:21:43]}
{[%emt 00:05:22]} 50. Ke2 {[%clk 00:25:48]} {[%emt 00:00:47]} b5 {[%clk
00:20:32]} {[%emt 00:01:40]} 51. axb5 {[%clk 00:10:34]} {[%emt 00:15:44]} Kxb5
{[%clk 00:17:38]} {[%emt 00:03:24]} 52. Kd2 {[%clk 00:10:16]} {[%emt 00:00:48]}
a5 {[%clk 00:16:35]} {[%emt 00:01:34]} 53. c4+ {[%clk 00:00:46]} {[%emt
00:10:01]} Kc5 {[%clk 00:16:56]} {[%emt 00:00:08]} 54. Nc3 {[%clk 00:00:57]}
{[%emt 00:00:20]} Bb4 {[%clk 00:16:56]} {[%emt 00:00:30]} 55. Kc2 {[%clk
00:01:25]} {[%emt 00:00:02]} Bxc3 {[%clk 00:17:03]} {[%emt 00:00:22]} 56. Kxc3
{[%clk 00:01:52]} {[%emt 00:00:03]} h4 {[%clk 00:17:20]} {[%emt 00:00:13]} 57.
Kc2 {[%clk 00:01:53]} {[%emt 00:00:29]} a4 {[%clk 00:15:50]} {[%emt 00:02:00]}
58. bxa4 {[%clk 00:02:14]} {[%emt 00:00:09]} Kxc4 {[%clk 00:16:17]} {[%emt
00:00:04]} 59. Kd2 {[%clk 00:02:33]} {[%emt 00:00:12]} Kb4 {[%clk 00:15:55]}
{[%emt 00:00:52]} 60. g3 {[%emt 00:00:51]} fxg3 {[%clk 00:15:45]} {[%emt
00:00:38]} 61. fxg3 {[%clk 00:02:23]} {[%emt 00:00:21]} hxg3 {[%clk 00:16:07]}
{[%emt 00:00:08]} 62. Ke2 {[%clk 00:02:49]} {[%emt 00:00:04]} f4 {[%clk
00:16:25]} {[%emt 00:00:12]} 63. h4 {[%clk 00:03:15]} {[%emt 00:00:04]} g2
{[%clk 00:16:33]} {[%emt 00:00:21]} 64. Kf2 {[%clk 00:03:42]} {[%emt 00:00:04]}
f3 {[%clk 00:16:59]} {[%emt 00:00:04]} 65. h5 {[%clk 00:04:04]} {[%emt
00:00:08]} e3+ {[%clk 00:17:24]} {[%emt 00:00:04]} 66. Kg1 {[%clk 00:04:24]}
{[%emt 00:00:11]} e2 {[%clk 00:17:49]} {[%emt 00:00:05]} 67. h6 {[%clk
00:04:50]} {[%emt 00:00:05]} e1=Q+ {[%emt 00:00:15]} 0-1

[Event "Deutsche Ländermeisterschaft 2023"]
[Site "Hannover GER"]
[Date "2023.10.05"]
[Round "7"]
[White "Weber, Nikita"]
[Black "Mukazhanov, Mansur"]
[Result "1-0"]
[Termination "normal"]
[Board "5.4"]
[WhiteElo "1865"]
[BlackElo "1761"]
[WhiteClock "00:22:18"]
[BlackClock "00:32:27"]
[WhiteTeam "Rheinland-Pfalz"]
[BlackTeam "Saarland & Friends"]
[PlyCount "96"]
[WhiteFideId "34608770"]
[BlackFideId "13752324"]
[EventCountry "GER"]
[EventRounds "7"]
[EventType "team-swiss"]
[EventDate "2023.09.30"]

1. Nf3 {[%clk 01:30:57]} {[%emt 00:00:02]} Nf6 {[%clk 01:30:32]} {[%emt
00:00:28]} 2. g3 {[%clk 01:31:23]} {[%emt 00:00:04]} g6 {[%clk 01:30:35]}
{[%emt 00:00:27]} 3. Bg2 {[%clk 01:31:49]} {[%emt 00:00:05]} Bg7 {[%clk
01:30:59]} {[%emt 00:00:06]} 4. O-O {[%clk 01:32:16]} {[%emt 00:00:04]} O-O
{[%clk 01:31:08]} {[%emt 00:00:20]} 5. c4 {[%clk 01:32:43]} {[%emt 00:00:04]}
c5 {[%clk 01:31:04]} {[%emt 00:00:34]} 6. Nc3 {[%clk 01:33:07]} {[%emt
00:00:06]} Nc6 {[%clk 01:31:23]} {[%emt 00:00:11]} 7. d3 {[%clk 01:33:19]}
{[%emt 00:00:19]} a6 {[%clk 01:24:51]} {[%emt 00:07:02]} 8. a3 {[%clk
01:31:36]} {[%emt 00:02:13]} d6 {[%clk 01:25:00]} {[%emt 00:00:19]} 9. Rb1
{[%clk 01:31:44]} {[%emt 00:00:23]} Nd7 {[%clk 01:24:51]} {[%emt 00:00:38]} 10.
Bd2 {[%clk 01:31:15]} {[%emt 00:01:00]} Rb8 {[%clk 01:04:03]} {[%emt 00:21:17]}
11. b4 {[%clk 01:30:17]} {[%emt 00:01:30]} cxb4 {[%clk 01:03:04]} {[%emt
00:01:29]} 12. axb4 {[%clk 01:30:40]} {[%emt 00:00:08]} b5 {[%clk 01:03:24]}
{[%emt 00:00:09]} 13. cxb5 {[%clk 01:30:48]} {[%emt 00:00:21]} axb5 {[%clk
01:03:44]} {[%emt 00:00:11]} 14. Qc1 {[%clk 01:31:02]} {[%emt 00:00:17]} Bb7
{[%clk 01:02:01]} {[%emt 00:02:12]} 15. Nxb5 {[%clk 01:30:42]} {[%emt
00:00:51]} Ba8 {[%clk 01:02:18]} {[%emt 00:00:12]} 16. Na3 {[%clk 01:30:25]}
{[%emt 00:00:47]} Qb6 {[%clk 01:01:52]} {[%emt 00:00:55]} 17. Be3 {[%clk
01:27:26]} {[%emt 00:03:29]} Qb7 {[%clk 01:01:48]} {[%emt 00:00:34]} 18. b5
{[%clk 01:27:09]} {[%emt 00:00:48]} Nd4 {[%clk 01:01:45]} {[%emt 00:00:32]} 19.
Bxd4 {[%clk 01:26:44]} {[%emt 00:00:55]} Bxd4 {[%clk 01:02:06]} {[%emt
00:00:09]} 20. Nh4 {[%clk 01:25:36]} {[%emt 00:01:32]} Qa7 {[%clk 01:01:58]}
{[%emt 00:00:45]} 21. Bxa8 {[%clk 01:24:06]} {[%emt 00:02:00]} Qxa8 {[%clk
01:02:11]} {[%emt 00:00:16]} 22. Nc2 {[%clk 01:18:50]} {[%emt 00:05:46]} Rfc8
{[%clk 01:02:13]} {[%emt 00:00:28]} 23. Qd1 {[%clk 01:19:14]} {[%emt 00:00:07]}
Bc3 {[%clk 01:02:29]} {[%emt 00:00:13]} 24. d4 {[%clk 01:18:01]} {[%emt
00:01:43]} Qa4 {[%clk 01:02:15]} {[%emt 00:00:44]} 25. Qd3 {[%clk 01:05:49]}
{[%emt 00:12:43]} Ba5 {[%clk 01:00:07]} {[%emt 00:02:38]} 26. Rb3 {[%clk
01:02:17]} {[%emt 00:04:02]} Qc4 {[%clk 00:55:32]} {[%emt 00:05:04]} 27. Ne3
{[%clk 00:58:31]} {[%emt 00:04:16]} Qxd3 {[%clk 00:53:34]} {[%emt 00:02:28]}
28. exd3 {[%clk 00:58:59]} {[%emt 00:00:02]} e6 {[%clk 00:53:51]} {[%emt
00:00:13]} 29. Nc4 {[%clk 00:58:55]} {[%emt 00:00:34]} Bc7 {[%clk 00:53:56]}
{[%emt 00:00:26]} 30. Rfb1 {[%clk 00:58:34]} {[%emt 00:00:51]} d5 {[%clk
00:54:06]} {[%emt 00:00:20]} 31. Ne3 {[%clk 00:58:22]} {[%emt 00:00:40]} Bb6
{[%clk 00:53:43]} {[%emt 00:00:54]} 32. Nf3 {[%clk 00:58:08]} {[%emt 00:00:45]}
Kf8 {[%clk 00:53:49]} {[%emt 00:00:24]} 33. Ne5 {[%clk 00:55:14]} {[%emt
00:03:24]} Ke7 {[%clk 00:53:49]} {[%emt 00:00:30]} 34. Nc6+ {[%clk 00:55:28]}
{[%emt 00:00:16]} Kd6 {[%clk 00:53:52]} {[%emt 00:00:27]} 35. Nxb8 {[%clk
00:55:48]} {[%emt 00:00:09]} Nxb8 {[%clk 00:53:32]} {[%emt 00:00:49]} 36. Rb4
{[%clk 00:53:05]} {[%emt 00:03:14]} Nd7 {[%clk 00:53:00]} {[%emt 00:01:02]} 37.
f4 {[%clk 00:52:01]} {[%emt 00:01:34]} f6 {[%clk 00:52:48]} {[%emt 00:00:43]}
38. Kf2 {[%clk 00:49:39]} {[%emt 00:02:52]} e5 {[%clk 00:53:02]} {[%emt
00:00:15]} 39. fxe5+ {[%clk 00:49:43]} {[%emt 00:00:27]} fxe5 {[%clk 00:53:10]}
{[%emt 00:00:22]} 40. dxe5+ {[%clk 00:48:50]} {[%emt 00:01:23]} Nxe5 {[%clk
00:53:17]} {[%emt 00:00:22]} 41. Ke2 {[%clk 00:48:21]} {[%emt 00:00:59]} Re8
{[%emt 00:05:46]} 42. Rf4 {[%clk 00:36:32]} {[%emt 00:07:01]} Nd7 {[%clk
00:51:29]} {[%emt 00:02:20]} 43. d4 {[%clk 00:36:29]} {[%emt 00:00:31]} g5
{[%clk 00:49:37]} {[%emt 00:02:23]} 44. Rf5 {[%clk 00:31:50]} {[%emt 00:05:10]}
Re4 {[%clk 00:49:43]} {[%emt 00:00:24]} 45. Rc1 {[%clk 00:22:06]} {[%emt
00:10:14]} Bxd4 {[%clk 00:37:01]} {[%emt 00:13:11]} 46. Rxd5+ {[%clk 00:21:30]}
{[%emt 00:01:08]} Ke6 {[%clk 00:35:22]} {[%emt 00:02:08]} 47. Rc6+ {[%clk
00:21:53]} {[%emt 00:00:07]} Ke7 {[%clk 00:32:27]} {[%emt 00:03:25]} 48. Rxd4
{[%clk 00:22:18]} {[%emt 00:00:06]} Rg4 {[%emt 00:01:01]} 1-0

[Event "Deutsche Ländermeisterschaft 2023"]
[Site "Hannover GER"]
[Date "2023.10.05"]
[Round "7"]
[White "Sheng, Ming"]
[Black "Müller, Riyanna"]
[Result "1-0"]
[Termination "normal"]
[Board "5.5"]
[WhiteElo "1705"]
[BlackElo "1778"]
[WhiteClock "00:09:12"]
[BlackClock "00:10:34"]
[WhiteTeam "Saarland & Friends"]
[BlackTeam "Rheinland-Pfalz"]
[PlyCount "129"]
[WhiteFideId "34605258"]
[BlackFideId "16287401"]
[EventCountry "GER"]
[EventRounds "7"]
[EventType "team-swiss"]
[EventDate "2023.09.30"]

1. e4 {[%clk 01:30:55]} {[%emt 00:00:04]} d5 {[%clk 01:30:55]} {[%emt
00:00:05]} 2. exd5 {[%clk 01:31:10]} {[%emt 00:00:15]} Qxd5 {[%clk 01:31:17]}
{[%emt 00:00:08]} 3. Nc3 {[%clk 01:31:29]} {[%emt 00:00:11]} Qd6 {[%clk
01:31:38]} {[%emt 00:00:10]} 4. d4 {[%clk 01:31:49]} {[%emt 00:00:08]} Nf6
{[%clk 01:31:51]} {[%emt 00:00:19]} 5. Nf3 {[%clk 01:32:08]} {[%emt 00:00:11]}
a6 {[%clk 01:32:00]} {[%emt 00:00:21]} 6. g3 {[%clk 01:32:04]} {[%emt
00:00:34]} Bg4 {[%clk 01:31:58]} {[%emt 00:00:32]} 7. h3 {[%clk 01:31:50]}
{[%emt 00:00:44]} Bxf3 {[%clk 01:31:59]} {[%emt 00:00:30]} 8. Qxf3 {[%clk
01:32:01]} {[%emt 00:00:18]} c6 {[%clk 01:31:54]} {[%emt 00:00:35]} 9. Be3
{[%clk 01:32:14]} {[%emt 00:00:17]} e6 {[%clk 01:31:19]} {[%emt 00:01:05]} 10.
O-O-O {[%clk 01:31:06]} {[%emt 00:01:38]} Qc7 {[%clk 01:29:34]} {[%emt
00:02:15]} 11. Bg2 {[%clk 01:19:50]} {[%emt 00:11:46]} Bd6 {[%clk 01:26:50]}
{[%emt 00:03:14]} 12. Bg5 {[%clk 01:18:00]} {[%emt 00:02:19]} Nbd7 {[%clk
01:26:12]} {[%emt 00:01:08]} 13. Rhe1 {[%clk 01:16:56]} {[%emt 00:01:34]} O-O
{[%clk 01:26:05]} {[%emt 00:00:37]} 14. g4 {[%clk 01:10:25]} {[%emt 00:07:02]}
Nd5 {[%clk 01:24:26]} {[%emt 00:02:09]} 15. Bd2 {[%clk 01:07:26]} {[%emt
00:03:28]} Nf4 {[%clk 01:16:31]} {[%emt 00:08:25]} 16. Ne4 {[%clk 01:04:21]}
{[%emt 00:03:34]} Nxg2 {[%clk 01:15:36]} {[%emt 00:01:27]} 17. Qxg2 {[%clk
01:03:29]} {[%emt 00:01:22]} Bf4 {[%clk 01:14:32]} {[%emt 00:01:33]} 18. g5
{[%clk 01:02:08]} {[%emt 00:01:51]} Kh8 {[%clk 01:13:25]} {[%emt 00:01:37]} 19.
h4 {[%clk 01:01:32]} {[%emt 00:01:06]} Bxd2+ {[%clk 01:08:36]} {[%emt
00:05:20]} 20. Rxd2 {[%clk 00:58:58]} {[%emt 00:03:04]} c5 {[%clk 01:07:55]}
{[%emt 00:01:11]} 21. dxc5 {[%clk 00:56:57]} {[%emt 00:02:31]} Nxc5 {[%clk
01:08:19]} {[%emt 00:00:06]} 22. Red1 {[%clk 00:56:58]} {[%emt 00:00:29]} Nxe4
{[%clk 01:04:18]} {[%emt 00:04:31]} 23. Qxe4 {[%clk 00:57:00]} {[%emt
00:00:28]} Rac8 {[%clk 01:01:18]} {[%emt 00:03:29]} 24. Kb1 {[%clk 00:55:02]}
{[%emt 00:02:28]} b5 {[%clk 01:00:31]} {[%emt 00:01:17]} 25. h5 {[%clk
00:53:49]} {[%emt 00:01:44]} Rfd8 {[%clk 00:47:53]} {[%emt 00:13:06]} 26. f4
{[%clk 00:39:28]} {[%emt 00:14:52]} Rxd2 {[%clk 00:48:06]} {[%emt 00:00:17]}
27. Rxd2 {[%clk 00:39:56]} {[%emt 00:00:02]} Qc5 {[%clk 00:46:44]} {[%emt
00:01:52]} 28. a3 {[%clk 00:39:56]} {[%emt 00:00:30]} a5 {[%clk 00:42:25]}
{[%emt 00:04:50]} 29. Qd3 {[%clk 00:30:58]} {[%emt 00:09:28]} h6 {[%clk
00:37:45]} {[%emt 00:05:10]} 30. g6 {[%clk 00:28:54]} {[%emt 00:02:34]} fxg6
{[%clk 00:38:01]} {[%emt 00:00:15]} 31. hxg6 {[%clk 00:28:47]} {[%emt
00:00:36]} Kg8 {[%clk 00:38:20]} {[%emt 00:00:11]} 32. Qd7 {[%clk 00:27:40]}
{[%emt 00:01:32]} b4 {[%clk 00:35:49]} {[%emt 00:03:06]} 33. Rh2 {[%clk
00:25:21]} {[%emt 00:02:49]} Rf8 {[%clk 00:34:07]} {[%emt 00:02:11]} 34. Rxh6
{[%clk 00:25:03]} {[%emt 00:00:48]} Qg1+ {[%clk 00:33:30]} {[%emt 00:01:06]}
35. Ka2 {[%clk 00:25:01]} {[%emt 00:00:32]} Qg4 {[%clk 00:33:47]} {[%emt
00:00:13]} 36. Qb7 {[%clk 00:24:27]} {[%emt 00:01:05]} Qxf4 {[%clk 00:32:18]}
{[%emt 00:02:00]} 37. Rh1 {[%clk 00:22:39]} {[%emt 00:02:17]} bxa3 {[%clk
00:31:09]} {[%emt 00:01:39]} 38. Qb3 {[%clk 00:22:11]} {[%emt 00:00:57]} Re8
{[%clk 00:29:21]} {[%emt 00:02:18]} 39. Qxa3 {[%clk 00:16:13]} {[%emt
00:06:29]} Qe4 {[%clk 00:26:22]} {[%emt 00:03:28]} 40. Qh3 {[%clk 00:15:36]}
{[%emt 00:01:08]} Qxg6 {[%clk 00:24:17]} {[%emt 00:02:36]} 41. Qh8+ {[%clk
00:15:34]} {[%emt 00:00:32]} Kf7 {[%clk 00:24:37]} {[%emt 00:00:09]} 42. Rf1+
{[%clk 00:15:57]} {[%emt 00:00:07]} Qf5 {[%clk 00:20:17]} {[%emt 00:04:51]} 43.
Qh5+ {[%clk 00:13:46]} {[%emt 00:02:40]} g6 {[%clk 00:20:31]} {[%emt 00:00:16]}
44. Rxf5+ {[%clk 00:13:53]} {[%emt 00:00:24]} exf5 {[%clk 00:20:55]} {[%emt
00:00:06]} 45. Qh7+ {[%clk 00:14:17]} {[%emt 00:00:06]} Kf6 {[%clk 00:21:05]}
{[%emt 00:00:19]} 46. Qa7 {[%clk 00:14:38]} {[%emt 00:00:08]} Re5 {[%clk
00:19:32]} {[%emt 00:02:05]} 47. c4 {[%clk 00:14:50]} {[%emt 00:00:18]} f4
{[%clk 00:19:18]} {[%emt 00:00:43]} 48. c5 {[%clk 00:14:18]} {[%emt 00:01:02]}
Rf5 {[%clk 00:19:16]} {[%emt 00:00:31]} 49. c6 {[%clk 00:13:41]} {[%emt
00:01:07]} f3 {[%clk 00:19:41]} {[%emt 00:00:05]} 50. Qd4+ {[%clk 00:10:25]}
{[%emt 00:03:43]} Kg5 {[%clk 00:19:43]} {[%emt 00:00:32]} 51. Qe3+ {[%clk
00:09:48]} {[%emt 00:01:08]} Kg4 {[%clk 00:19:02]} {[%emt 00:01:10]} 52. Qg1+
{[%clk 00:07:36]} {[%emt 00:02:42]} Kf4 {[%clk 00:14:17]} {[%emt 00:05:15]} 53.
c7 {[%clk 00:07:35]} {[%emt 00:00:30]} Rf8 {[%clk 00:14:16]} {[%emt 00:00:32]}
54. Qc1+ {[%clk 00:06:59]} {[%emt 00:01:06]} Kg3 {[%clk 00:14:27]} {[%emt
00:00:19]} 55. c8=Q {[%clk 00:06:30]} {[%emt 00:00:59]} Rxc8 {[%clk 00:14:46]}
{[%emt 00:00:11]} 56. Qxc8 {[%clk 00:06:56]} {[%emt 00:00:04]} f2 {[%clk
00:13:43]} {[%emt 00:01:33]} 57. Qc7+ {[%clk 00:07:08]} {[%emt 00:00:16]} Kg2
{[%clk 00:13:26]} {[%emt 00:00:49]} 58. Qc6 {[%clk 00:07:30]} {[%emt 00:00:08]}
Kh2 {[%clk 00:11:22]} {[%emt 00:02:34]} 59. Qf3 {[%clk 00:07:41]} {[%emt
00:00:19]} Kg1 {[%clk 00:11:30]} {[%emt 00:00:22]} 60. Qg3+ {[%clk 00:08:10]}
{[%emt 00:00:02]} Kf1 {[%clk 00:11:20]} {[%emt 00:00:40]} 61. Kb1 {[%clk
00:07:58]} {[%emt 00:00:41]} Ke2 {[%clk 00:11:13]} {[%emt 00:00:37]} 62. Qg2
{[%clk 00:08:10]} {[%emt 00:00:17]} Ke1 {[%clk 00:11:19]} {[%emt 00:00:25]} 63.
Qe4 {[%clk 00:08:32]} {[%emt 00:00:05]} Kd2 {[%clk 00:11:00]} {[%emt 00:00:50]}
64. Qf3 {[%clk 00:08:48]} {[%emt 00:00:16]} Ke1 {[%clk 00:10:34]} {[%emt
00:00:57]} 65. Qe3 {[%clk 00:09:12]} {[%emt 00:00:06]} 1-0